000
00232nam a22000857a 4500
008
160711b xxu||||| |||| 00| 0 eng d
100
_9
2525
_a
Miller, V
245
_a
Poem: Onions and Roses
260
_a
Middletown
_b
Weslyan Uni.Press
_c
1968
999
_c
2192
_d
2192